000
00306nam a22001457a 4500
003
SGT
020
_a
9789353166298
082
_a
620,SHB
100
_a
SUBRAMANYA.K
245
_a
FOW IN OPEN CHANNELS
250
_a
5TH
260
_a
NEW DELHI
_b
MC GRAW HILL
_c
2024
300
_a
656
942
_2
ddc
_c
BK
_0
1
999
_c
28335
_d
28335